Fill in the 2026 NCAA Tournament Bracket - Statistics

General Stats
  • This quiz has been taken 588 times
  • The average score is 53 of 68
Answers on the Map
Answers color-coded by a green-red scale on the quiz's map according to % correct below.
 
Answer Stats
Team % Correct
Duke
98%
Michigan
96%
Texas
95%
Arizona
94%
Florida
94%
UConn
93%
Iowa
92%
Illinois
89%
Michigan State
89%
Ohio State
89%
Houston
88%
Iowa State
88%
Kansas
88%
Miami
88%
Miami of Ohio
88%
Tennessee
88%
Purdue
87%
Saint John's
87%
UNC
87%
Nebraska
86%
TCU
86%
Georgia
85%
Kentucky
85%
Wisconsin
85%
Alabama
84%
Arkansas
84%
Siena
84%
Gonzaga
83%
Texas Tech
83%
UCLA
83%
Virginia
83%
Texas A&M
81%
Vanderbilt
81%
VCU
81%
High Point
80%
BYU
79%
Clemson
79%
Louisville
79%
Saint Louis
78%
Utah State
78%
Missouri
76%
North Carolina State
75%
Saint Mary's
75%
SMU
75%
Villanova
75%
South Florida
74%
UCF
74%
Howard
73%
Penn
71%
Santa Clara
71%
Akron
70%
McNeese
68%
Troy
68%
LIU
67%
Furman
65%
UMBC
65%
North Dakota State
64%
Northern Iowa
64%
Prairie View
64%
California Baptist
63%
Hofstra
59%
Hawaii
58%
Idaho
58%
Kennesaw State
55%
Lehigh
55%
Queens
54%
Tennessee State
54%
Wright State
54%
No matching quizzes found
Score Distribution
Percent of People with Each Score
Percentile by Number Answered
Your Score History
You have not taken this quiz